Normal view MARC view

Entry Topical Term

Number of records used in: 3

001 - CONTROL NUMBER

  • control field: 23403

003 - CONTROL NUMBER IDENTIFIER

  • control field:

005 - DATE AND TIME OF LATEST TRANSACTION

  • control field: 20230830144415.0

008 - FIXED-LENGTH DATA ELEMENTS

  • fixed length control field: 230830|| aca||aabn | a|a d

040 ## - CATALOGING SOURCE

  • Original cataloging agency:
  • Transcribing agency:

150 ## - HEADING--TOPICAL TERM

  • Topical term or geographic name entry element: African literature (French)

670 ## - SOURCE DATA FOUND

  • Source citation: Work cat.: ()11642: OJO-Ade, Femi aut 23402, Les Parade terrestrea /, 2003

National Library of Nigeria OPAC is powered by Koha